Paul and Philippians. (Record no. 5895)

000 -LEADER
fixed length control field 00678nam a2200193 a 4500
001 - CONTROL NUMBER
control field :::00003637$&:&@@
003 - CONTROL NUMBER IDENTIFIER
control field OkBaRHE
005 - DATE AND TIME OF LATEST TRANSACTION
control field 20000607103309.0
008 - FIXED-LENGTH DATA ELEMENTS--GENERAL INFORMATION
fixed length control field s1969 j 000 0 eng u
040 ## - CATALOGING SOURCE
Transcribing agency
100 1# - MAIN ENTRY--PERSONAL NAME
Personal name Berkeley, James Percival, 1879-
245 10 - TITLE STATEMENT
Title Paul and Philippians.
260 ## - PUBLICATION, DISTRIBUTION, ETC. (IMPRINT)
Place of publication, distribution, etc Valley Forge, PA., :
Name of publisher, distributor, etc Judson Press
Date of publication, distribution, etc c1969
300 ## - PHYSICAL DESCRIPTION
Extent 62 p. ;
Dimensions 20 cm.
650 ## - SUBJECT ADDED ENTRY--TOPICAL TERM
Topical term or geographic name as entry element Bible New Testament Philippians
General subdivision Commentaries
942 ## - ADDED ENTRY ELEMENTS (KOHA)
Source of classification or shelving scheme
Koha item type Books
Copies
Lost status Copy number Price effective from Not for loan Withdrawn status Date last seen Full call number Date acquired Damaged status Barcode Shelving location Permanent Location Koha item type Source of classification or shelving scheme
 12010-04-14  2018-04-03BS 2705.3 .B472010-04-14 3637General StacksRHEMA Bible Training CollegeBooks 
 22010-04-14  2018-04-03BS 2705.3 .B472010-04-14 20568General StacksRHEMA Bible Training CollegeBooks